عرض عادي عرض مارك
  • عزيز ، توحيدة عبدالعزيز علي

مدخل إسم شخص

عدد التسجيلات المستخدمة في: 1

001 - رقم الضبط

  • حقل الضبط: 36842

003 - معرف رقم الضبط

  • حقل الضبط: OSt

005 - تاريخ ووقت أخر عملية

  • حقل الضبط: 20130905103315.0

008 - عناصر بيانات ثابتة الطول

  • حقل تحكم ثابت الطول: 130905|||a|||||| | ||| d

040 ## - مصدر الفهرسة

  • هيئة الفهرسة الأصلية: OSt
  • وكالة الكتابة: OSt

100 ## - مدخل -- أسم شخص

  • إسم شخص: عزيز ، توحيدة عبدالعزيز علي
  • مصطلح الرابط: مؤلف

670 ## - بيانات المصدر موجوده

  • الاستشهاد بالمصدر: Work cat.: (OSt): عزيز ، توحيدة عبدالعزيز علي مؤلف, طرق التدريس في رياض الأطفال /, 2009